Derecho comercial neerlandés: las personas jurídicas
Furkejuvvon:
| Váldodahkki: | |
|---|---|
| Materiálatiipa: | Girji |
| Giella: | espánnjágiella |
| Almmustuhtton: |
Málaga
Gráficas Urania
1999
|
| Fáttát: | |
| Fáddágilkorat: |
Lasit fáddágilkoriid
Eai fáddágilkorat, Lasit vuosttaš fáddágilkora!
|
MARC
| LEADER | 00000nam a2200000 a 4500 | ||
|---|---|---|---|
| 001 | UCP4758 | ||
| 003 | CL-VaPUC | ||
| 008 | 990813e19990000SP |||||||||||||||||spa|d | ||
| 082 | 0 | 4 | |a 346.07 |b VAN |2 21 |
| 100 | 0 | |a Van Reigersberg Versluys, Juan Guillermo |e author |9 432621 | |
| 245 | 1 | 0 | |a Derecho comercial neerlandés: las personas jurídicas |
| 300 | |a 155 p | ||
| 942 | |c BK | ||
| 945 | |d 19990813 00:00:00 |a vberengu | ||
| 260 | |a Málaga |b Gráficas Urania |c 1999 | ||
| 500 | |a Incluye Anexo con las últimas modificaciones del Derecho de Personas y de Familia | ||
| 650 | 0 | |a Asociaciones |9 257659 | |
| 650 | 0 | |a Bancos |9 254963 | |
| 650 | 0 | |a Derecho de familia |9 255603 | |
| 650 | 7 | |a FUNDACIONES |2 CL-VaPUC |9 363951 | |
| 650 | 0 | |a Personas |9 255751 | |
| 650 | 0 | |a Personas jurídicas |9 257259 | |
| 650 | 7 | |a SEGUROS |2 CL-VaPUC |9 432622 | |
| 650 | 0 | |a Sociedades anónimas |9 255387 | |
| 650 | 7 | |a DERECHO CIVIL HOLANDES |2 CL-VaPUC |9 432623 | |
| 650 | 7 | |a CODIGO CIVIL HOLANDES |2 CL-VaPUC |9 432624 | |
| 583 | |a last modification |c 19990813 00:00:00 |k Rodrigo Vera | ||
| 999 | |c 282656 |d 282654 | ||
| 952 | |0 0 |1 0 |4 0 |6 346_070000000000000_VAN_1999 |7 0 |8 A |9 324718 |a BIBDER |b BIBDER |d 2019-11-20 |i 3547108 |o 346.07 VAN 1999 |p 3547108 |r 2023-01-25 |w 2019-11-20 |y BK |k DER | ||